JetPunk Minigames - Statistics

General Stats
  • This quiz has been taken 6 times
  • The average score is 2 of 6
Answer Stats
Minigame % Correct
Minesweeper
100%
Number Factoring
33%
Typing Speed Test
33%
U.S. State Puzzle
33%
Geography Snap
17%
Even Split
0%
No matching quizzes found
Score Distribution
Percent of People with Each Score
Percentile by Number Answered
Your Score History
You have not taken this quiz